|
|
|
|
| LEADER |
00000nas a2200000 a 4500 |
| 001 |
ssj0001053416 |
| 003 |
WaSeSS |
| 005 |
20200512172242.0 |
| 006 |
m d |
| 007 |
cr n |
| 008 |
101207c20109999ir fr p s 0 0eng c |
| 010 |
|
|
|a 2010251131
|
| 035 |
|
|
|a (WaSeSS)ssj0001053416
|
| 037 |
|
|
|b Subscription Office, Scientia Iranica, P.O. Box 11155-8639, Tehran, Iran
|
| 040 |
|
|
|a UMC
|b eng
|c UMC
|d UMC
|d WAU
|d OCLCF
|d OCLCO
|d OCLCA
|d CUS
|d WaSeSS
|
| 042 |
|
|
|a pcc
|
| 050 |
1 |
4 |
|a T174.7
|b .S276
|
| 245 |
0 |
0 |
|a Scientia Iranica.
|n Transaction F,
|p Nanotechnology
|h [electronic resource].
|
| 246 |
3 |
0 |
|a Nanotechnology
|
| 246 |
3 |
0 |
|a Transaction F,
|p Nanotechnology
|
| 260 |
|
|
|a Tehran :
|b Sharif University of Technology,
|c c2010-
|
| 310 |
|
|
|a Semiannual
|
| 362 |
1 |
|
|a Began with: Vol. 17, no. 1 (Jan./June 2010).
|
| 500 |
|
|
|a "International journal of science & technology".
|
| 506 |
|
|
|a License restrictions may limit access.
|
| 588 |
|
|
|a Description based on: Vol. 17, no. 1 (Jan./June 2010); title from title page.
|
| 588 |
|
|
|a Latest issue consulted: Vol. 17, no. 1 (Jan./June 2010).
|
| 650 |
|
0 |
|a Nanotechnology
|v Periodicals.
|
| 650 |
|
0 |
|a Nanostructures
|v Periodicals.
|
| 650 |
|
0 |
|a Nanoelectromechanical systems
|v Periodicals.
|
| 650 |
|
7 |
|a Nanoelectromechanical systems.
|2 fast
|0 (OCoLC)fst01741807
|
| 650 |
|
7 |
|a Nanostructures.
|2 fast
|0 (OCoLC)fst01032635
|
| 650 |
|
7 |
|a Nanotechnology.
|2 fast
|0 (OCoLC)fst01032639
|
| 655 |
|
0 |
|a Electronic journals.
|
| 710 |
2 |
|
|a Dānishgāh-i Ṣanʻatī-i Sharīf.
|
| 780 |
0 |
1 |
|t Scientia Iranica
|x 1026-3098
|w (DLC) 00251122
|w (OCoLC)43453436
|
| 856 |
4 |
0 |
|z Full text available from Research Library: 06/01/2011 to present
|u https://search.proquest.com/publication/1066387
|